Word Scramble Geography by Letter - U - Statistics

General Stats
  • This quiz has been taken 340 times
  • The average score is 4 of 5
Answer Stats
Answer % Correct
Ufa
98%
Uganda
97%
Urdu
93%
Utah
93%
Uzbekistan
91%
Uruguay
87%
Ukraine
86%
Ulaanbaatar
77%
Uluru
74%
Urals
67%
Umbria
53%
Urumqi
45%
Utrecht
43%
Ulsan
35%
No matching quizzes found
Score Distribution
Percent of People with Each Score
Percentile by Number Answered
Your Score History
You have not taken this quiz